00616nam a2200229 a 4500001001300000003000900013005001700022008004100039020001000080082001300090100002100103245003400124260004300158300000900201500003500210505001000245650001000255902000800265942000700273952009300280999001300373nice12345678IN_TiNIC20260116011339.0050524s1906 newa grp 000 0 eng  ac10000a160bSCH aSchipper, Watson aFirst Course in Modern Logic. aNew YorkbHenry Holt and Companyc1906 a389p aincludes index and biblioraphy2 aIndex aLogic bSRS cBK 00104070aHMIbHMId2007-07-31g100.00l0o160 SCHp2230r2007-07-31w2026-01-16yARB c719d719